000 00516nam a2200169 a 4500
001 000023708
005 20200930022415.0
008 101220nuuuuuuuudr r 000 0 spa d
040 _aDO-SdBNP
_bspa
_cBNPHU
082 _axxxxx
_bB446g
100 1 _aBello, Andrés
_948825
245 1 0 _aGramática de la lengua castellana /
_cAndrés Bello.
260 _a[s. l.] :
_b[s. n.],
_c[s. f.].
300 _a379 p. ;
_c20 cm.
504 _aIncluye referencias bibliográficas y notas al pie de las páginas.
049 _aBNGR
999 _c23204
_d23204